| 000 | 00851nam a2200241 a 4500 | ||
|---|---|---|---|
| 001 | 43206 | ||
| 003 | BD-RjUL | ||
| 005 | 20211209053649.0 | ||
| 008 | 160620s1953 dcu b 000 0 eng | ||
| 035 | _a(BD-RjUL)43324 | ||
| 035 | _a(OCoLC)188435 | ||
| 040 |
_aDLC _cODaWU _dOCoLC _dBD-RjUL _beng |
||
| 041 | _aeng | ||
| 082 |
_a377.1 _bFUN 1953 |
||
| 110 | 2 |
_aAmerican Council on Education. _bCommittee on Religion and Education. _9132696 |
|
| 245 | 1 | 4 |
_aThe function of the public schools in dealing with religion : _ba report on the exploratory study made by the Committee on Religion and Education / |
| 260 |
_aWashington : _bAmerican Council on Education, _c1953 |
||
| 300 |
_axiv, 145 p.; _c22 cm. |
||
| 504 | _aBibliography: p.[125]-145. | ||
| 650 | 0 |
_aReligious education _zUnited States. _9132695 |
|
| 942 |
_2ddc _cBK |
||
| 999 |
_c43206 _d43206 |
||